书目信息 |
| 题名: |
数学分析讲义
|
|
| 作者: | 刘玉琏 , 傅沛仁 编 | |
| 分册: | 下册 | |
| 出版信息: | 北京 高等教育出版社 1992.7 |
|
| 页数: | 450页 | |
| 开本: | 20cm | |
| 丛书名: | ||
| 单 册: | ||
| 中图分类: | O17 | |
| 科图分类: | ||
| 主题词: | 数学分析 | |
| 电子资源: | ||
| ISBN: | 7-04-003849-8 | |
| 000 | 00683nam0 2200253 45 | |
| 001 | 0192012326 | |
| 005 | 20070619103235.23 | |
| 010 | @a7-04-003849-8@dCNY13.70 | |
| 020 | @aCN@b92012326 | |
| 100 | @a19921202d1992 em y0chiy0121 ea | |
| 101 | 0 | @achi |
| 102 | @aCN@b110000 | |
| 105 | @ay z 000yy | |
| 200 | 10 | @a数学分析讲义@Ashu xue fen xi jiang yi@h下册@f刘玉琏,傅沛仁编@Fliu yu lian fu pei ren bian |
| 205 | @a3版 | |
| 210 | @a北京@c高等教育出版社@d1992.7 | |
| 215 | @a450页@d20cm | |
| 300 | @a高等学校教材 | |
| 606 | @a数学分析 | |
| 690 | @aO17@v3 | |
| 701 | 0 | @a刘玉琏@4编 |
| 701 | 0 | @a傅沛仁@4编 |
| 801 | 0 | @aCN@bNLC@c20070619 |
| 905 | @dO17@e10:2=3@f1@b281068 | |
| 数学分析讲义.下册/刘玉琏,傅沛仁编.-3版.-北京:高等教育出版社,1992.7 |
| 450页;20cm |
| 高等学校教材 |
| ISBN 7-04-003849-8:CNY13.70 |
| ● |
| 相关链接 |
|
|
|
|
正题名:数学分析讲义
索取号:O17/10:2=3
 
预约/预借
| 序号 | 登录号 | 条形码 | 馆藏地/架位号 | 状态 | 备注 |
| 1 | 0281063 | 002810630 | 第三借阅区/ [索取号:O17/10:2=3] | 在馆 | |
| 2 | 0281064 | 002810649 | 第三借阅区/ [索取号:O17/10:2=3] | 在馆 | |
| 3 | 0281065 | 002810658 | 第三借阅区/ [索取号:O17/10:2=3] | 在馆 | |
| 4 | 0281066 | 002810667 | 第三借阅区/ [索取号:O17/10:2=3] | 在馆 | |
| 5 | 0281067 | 002810676 | 第三借阅区/ [索取号:O17/10:2=3] | 在馆 | |
| 6 | 0281068 | 002810685 | 第三借阅区/ [索取号:O17/10:2=3] | 在馆 | |
| 7 | 0281069 | 002810694 | 第三借阅区/ [索取号:O17/10:2=3] | 在馆 | |
| 8 | 0281070 | 002810701 | 第三借阅区/ [索取号:O17/10:2=3] | 在馆 | |
| 9 | 0281071 | 002810710 | 第三借阅区/ [索取号:O17/10:2=3] | 在馆 | |
| 10 | 0281072 | 002810729 | 第二样本阅览室/ [索取号:O17/10:2=3] | 在馆 | |
| 11 | 0409858 | 204098582 | 密集书库/ [索取号:O17/10:2=3] | 在馆 | |
| 12 | 0409859 | 204098591 | 密集书库/ [索取号:O17/10:2=3] | 在馆 | |
| 13 | 0409860 | 204098608 | 密集书库/ [索取号:O17/10:2=3] | 在馆 | |
| 14 | 0409861 | 204098617 | 密集书库/ [索取号:O17/10:2=3] | 在馆 | |
| 15 | 0409862 | 204098626 | 密集书库/ [索取号:O17/10:2=3] | 在馆 | |
| 16 | 0645679 | 206456798 | 库房3/ [索取号:O17/10:2=3] | 在馆 | |
| 17 | 0645680 | 206456805 | 库房3/ [索取号:O17/10:2=3] | 在馆 | |
| 18 | 0645681 | 206456814 | 库房3/ [索取号:O17/10:2=3] | 在馆 | |
| 19 | 0645682 | 206456823 | 库房3/ [索取号:O17/10:2=3] | 在馆 | |
| 20 | 0645683 | 206456832 | 库房3/ [索取号:O17/10:2=3] | 在馆 | |
| 21 | 0645684 | 206456841 | 库房3/ [索取号:O17/10:2=3] | 在馆 | |
| 22 | 0645685 | 206456850 | 库房3/ [索取号:O17/10:2=3] | 在馆 | |
| 23 | 0645686 | 206456869 | 库房3/ [索取号:O17/10:2=3] | 在馆 | |
| 24 | 0645687 | 206456878 | 库房3/ [索取号:O17/10:2=3] | 在馆 | |
| 25 | 0645688 | 206456887 | 库房3/ [索取号:O17/10:2=3] | 在馆 | |
| 26 | 0645689 | 206456896 | 库房3/ [索取号:O17/10:2=3] | 在馆 | |
| 27 | 0645690 | 206456903 | 库房3/ [索取号:O17/10:2=3] | 在馆 | |
| 28 | 0645691 | 206456912 | 库房3/ [索取号:O17/10:2=3] | 在馆 | |
| 29 | 0645692 | 206456921 | 库房3/ [索取号:O17/10:2=3] | 在馆 | |
| 30 | 0645693 | 206456930 | 库房3/ [索取号:O17/10:2=3] | 在馆 | |
| 31 | 0645694 | 206456949 | 库房3/ [索取号:O17/10:2=3] | 在馆 | |
| 32 | 0645695 | 206456958 | 库房3/ [索取号:O17/10:2=3] | 在馆 | |
| 33 | 0645696 | 206456967 | 库房3/ [索取号:O17/10:2=3] | 在馆 | |
| 34 | 0645697 | 206456976 | 库房3/ [索取号:O17/10:2=3] | 在馆 | |
| 35 | 0645698 | 206456985 | 库房3/ [索取号:O17/10:2=3] | 在馆 | |
| 36 | 0645699 | 206456994 | 库房3/ [索取号:O17/10:2=3] | 在馆 | |
| 37 | 0645700 | 206457001 | 库房3/ [索取号:O17/10:2=3] | 在馆 | |
| 38 | 0645701 | 206457010 | 库房3/ [索取号:O17/10:2=3] | 在馆 | |
| 39 | 0645702 | 206457029 | 库房3/ [索取号:O17/10:2=3] | 在馆 | |
| 40 | 0645703 | 206457038 | 库房3/ [索取号:O17/10:2=3] | 在馆 | |
| 41 | 0654694 | 206546941 | 库房3/ [索取号:O17/10:2=3] | 在馆 |